[Event "Tirnavia-B"]
[Site "Trnava"]
[Date "1984.??.??"]
[Round "9"]
[White "Gruen, Peter"]
[Black "Gazik, Igor"]
[Result "0-1"]
[WhiteElo "2325"]
[BlackElo "2360"]

1.d4 f5 2.g3 g6 3.Bg2 Nf6 4.Nf3 Bg7 5.O-O O-O 6.c4 c6 7.Nc3 Ne4 8.Qc2 Nxc3
9.Qxc3 d6 10.Rd1 Nd7 11.c5 Nxc5 12.Ng5 Na6 13.Qb3+ d5 14.Bf4 e6 15.h4 Qb6
16.Qa3 Re8 17.Be3 Qb4 18.Qd3 c5 19.a3 c4 20.Qc2 Qb6 21.Rab1 Bd7 22.Nf3 Qa5
23.Qc1 Rec8 24.Bd2 Qd8 25.Ne5 Ba4 26.Re1 Nc5 27.Bg5 Qf8 28.h5 gxh5 29.dxc5 Bxe5
30.Qe3 Qg7 31.Bh6 Qg6 32.Bf3 Bc2 33.Qxe5 Qxh6 34.Rbc1 Be4 35.Bxe4 fxe4 36.Kg2 Rf8
37.Rh1 Rf5 38.Qd4 Raf8 39.Rcf1 Qg7 40.Qxg7+ Kxg7 41.f4 Rc8 42.b4 cxb3 43.Rc1 d4  0-1

[Event "URS-ch U20"]
[Site "Vilnius"]
[Date "1984.??.??"]
[Round "11"]
[White "Pigusov, Evgeny"]
[Black "Glek, Igor V"]
[Result "1-0"]
[WhiteElo "2460"]
[BlackElo "2395"]

1.Nf3 f5 2.d4 Nf6 3.g3 g6 4.c4 Bg7 5.Bg2 O-O 6.O-O d6 7.Nc3 Qe8 8.Re1 e5
9.dxe5 dxe5 10.e4 Nc6 11.Nd5 fxe4 12.Ng5 Qd8 13.Nxf6+ Qxf6 14.Nxe4 Qf7 15.Be3 Nd4
16.Nd6 cxd6 17.Bxd4 Be6 18.Be3 Bxc4 19.b3 Be6 20.Qxd6 Rfd8 21.Qb4 Bd5 22.Bxd5 Rxd5
23.Rad1 b6 24.Rxd5 Qxd5 25.Rc1 Bf8 26.Qa4 e4 27.h3 b5 28.Qa6 Rd8 29.Kh2 Rd7
30.Bxa7 Rd6 31.Qc8 h5 32.Be3 h4 33.gxh4 Re6 34.Rc5 Qd6+ 35.Kg2 b4 36.Rg5 Re5
37.Qc4+ Kh7 38.Qf7+ Bg7 39.h5 Rxg5+ 40.Bxg5 gxh5 41.Qxh5+  1-0

[Event "Vrnjacka Banja"]
[Site "Vrnjacka Banja"]
[Date "1984.??.??"]
[Round "?"]
[White "Adamski, Jan"]
[Black "Matulovic, Milan"]
[Result "1/2-1/2"]
[WhiteElo "2460"]
[BlackElo "2465"]

1.Nf3 g6 2.d4 Bg7 3.c4 f5 4.g3 Nf6 5.Bg2 O-O 6.O-O d6 7.b3 e5 8.dxe5 dxe5
9.Ba3 Re8 10.Nc3 e4 11.Qxd8 Rxd8 12.Ng5 Ne8 13.Rad1 Rxd1 14.Nxd1 Nc6 15.f3 Bd4+
16.Kh1 h6 17.Nh3 exf3 18.exf3 Be6 19.Nf4 Bf7 20.Ne2 Bg7 21.Ne3 Rd8 22.Rd1 Rxd1+
23.Nxd1 Nd4 24.Nxd4 Bxd4 25.Bc1 h5 26.Be3 Bxe3 27.Nxe3 Kf8  1/2-1/2

[Event "AUT-ch"]
[Site "?"]
[Date "1985.??.??"]
[Round "8"]
[White "Miniboeck, Guenter"]
[Black "Poecksteiner, Johann"]
[Result "1/2-1/2"]
[WhiteElo "2290"]
[BlackElo "2300"]

1.d4 f5 2.Nf3 Nf6 3.g3 g6 4.Bg2 Bg7 5.O-O O-O 6.c4 d6 7.Nc3 Qe8 8.d5 Na6
9.Nd4 Bd7 10.Rb1 c6 11.h3 Rb8 12.Be3 h6 13.a3 Nc7 14.b4 a6 15.Qb3 Kh8 16.Rbd1 e5
17.dxe6 Nxe6 18.Qc2 Rd8 19.Rd2 Nh5 20.Nxe6 Bxe6 21.Bb6 Rd7 22.Rfd1 Bxc4 23.Rxd6 Rxd6
24.Rxd6 Qe5 25.Rd4 Qe6 26.Rd2 Re8 27.e3 g5 28.Bf3 Nf6 29.Bc5 f4 30.g4 fxe3
31.Bxe3 Nd5 32.Nxd5 cxd5 33.Qd1 Rd8 34.Kg2 b5 35.Bd4 Bxd4 36.Rxd4 Qe5 37.Qd2 Kg7
38.a4 Kf6 39.axb5 axb5 40.h4 Kg7 41.h5 Rd6 42.Qc3 Qf6 43.Qa1 Ra6 44.Qd1 Qe5
45.Kh3 Bf1+ 46.Qxf1 Qxd4 47.Qxb5 Qxf2 48.Qb7+ Kf8 49.Qc8+ Ke7 50.Qb7+  1/2-1/2

[Event "AUT-ch"]
[Site "?"]
[Date "1985.??.??"]
[Round "15"]
[White "Stoppel, Franz"]
[Black "Poecksteiner, Johann"]
[Result "1/2-1/2"]
[WhiteElo "2255"]
[BlackElo "2300"]

1.d4 f5 2.Nf3 Nf6 3.g3 g6 4.Bg2 Bg7 5.O-O O-O 6.c4 d6 7.Nc3 Qe8 8.d5 Na6
9.Nd4 Bd7 10.b3 c6 11.Bb2 Nc7 12.dxc6 bxc6 13.Qd2 Rb8 14.e3 c5 15.Nde2 Bc6
16.Bxc6 Qxc6 17.Rad1 Qf3 18.Nf4 Ne4 19.Nxe4 fxe4 20.Bxg7 Kxg7 21.Qa5 Rb7
22.Qa4 g5 23.Qc6 gxf4 24.Qxb7 fxe3 25.fxe3 Qxe3+ 26.Kh1 Qe2 27.Kg1  1/2-1/2

[Event "Balatonbereny op"]
[Site "Balatonbereny"]
[Date "1985.??.??"]
[Round "7"]
[White "Marangunic, Srdjan"]
[Black "Halasz, Tamas"]
[Result "1-0"]
[WhiteElo "2445"]
[BlackElo "2360"]

1.g3 g6 2.Nf3 Bg7 3.d4 f5 4.Bg2 Nf6 5.O-O O-O 6.c4 d6 7.Nc3 Qe8 8.d5 Na6
9.Nd4 Bd7 10.Rb1 c6 11.b3 Nc7 12.dxc6 bxc6 13.b4 Rb8 14.b5 cxb5 15.cxb5 Kh8
16.Bg5 e6 17.a4 h6 18.Bxf6 Bxf6 19.e3 a6 20.b6 Na8 21.a5  1-0

[Event "DDR-ch 34th"]
[Site "Jueterbog"]
[Date "1985.??.??"]
[Round "?"]
[White "Gruenberg, Hans Ulrich"]
[Black "Espig, Lutz"]
[Result "1/2-1/2"]
[WhiteElo "2455"]
[BlackElo "2450"]

1.d4 f5 2.g3 Nf6 3.Bg2 g6 4.Nf3 Bg7 5.O-O O-O 6.c4 d6 7.Nc3 Qe8 8.d5 Na6
9.Nd4 Bd7 10.e4 fxe4 11.Nxe4 Nxe4 12.Bxe4 c6 13.dxc6 bxc6 14.Rb1 Rb8 15.b3 Nc5
16.Bg2 Na4 17.Qd2 c5 18.Nc2 Bf5 19.Ba3 Nc3 20.Rbe1 Nxa2 21.Ne3 Nb4 22.Bxb4 cxb4
23.Nxf5 Rxf5 24.Bd5+ Kh8 25.Qe3 Bc3 26.Qxa7 Re5 27.Rxe5 dxe5 28.Kg2 Rd8 29.Rd1 e6
30.Bf3 Rxd1 31.Bxd1 Bd4 32.Qb7 Qf8 33.Bf3 Kg8 34.h4 Bc5 35.Qe4 Qd6 36.Bg4 Kg7
37.Qe2 Kf6 38.Qf3+ Kg7 39.h5 Qe7 40.hxg6 hxg6 41.Qc6 Qd6 42.Qb7+ Kh6 43.Qf7 Qf8
44.Qxf8+ Bxf8 45.Bxe6 Kg5 46.Kf3 Kf6 47.Bg8 Bc5 48.g4 g5  1/2-1/2

[Event "WchT U26"]
[Site "Mendoza"]
[Date "1985.??.??"]
[Round "5"]
[White "Miralles, Gilles"]
[Black "Barbero, Gerardo F"]
[Result "0-1"]
[WhiteElo "2365"]
[BlackElo "2365"]

1.d4 f5 2.Nf3 Nf6 3.g3 g6 4.Bg2 Bg7 5.O-O O-O 6.c4 d6 7.Nc3 c6 8.Rb1 a5 9.a3 Ne4
10.Bd2 Na6 11.e3 e5 12.b4 axb4 13.axb4 Nxc3 14.Bxc3 e4 15.Nd2 Nc7 16.b5 cxb5
17.cxb5 Be6 18.Re1 Qd7 19.Bf1 Nd5 20.Bb4 Nb6 21.Nb3 Rfc8 22.Na5 Rc7 23.Rc1 Nd5
24.Qd2 Rac8 25.Rxc7 Rxc7 26.Ba3 g5 27.Rc1 Rxc1 28.Qxc1 f4 29.Nc4 Bf8 30.Bg2 f3
31.Bf1 Bh3 32.Nd2 Bxf1 33.Qxf1 Nc3 34.h3 Ne2+ 35.Kh2 Qxb5 36.Nxe4 Qd3 37.Nxg5 Qxa3
38.Nxf3 Qa2 39.Kg2 d5 40.Qd1 Nc3 41.Qe1 Ne4 42.h4 b5  0-1

[Event "WchT U26"]
[Site "Mendoza"]
[Date "1985.??.??"]
[Round "12"]
[White "Yrjola, Jouni"]
[Black "Barbero, Gerardo F"]
[Result "1/2-1/2"]
[WhiteElo "2500"]
[BlackElo "2365"]

1.d4 f5 2.Nf3 Nf6 3.g3 g6 4.Bg2 Bg7 5.O-O O-O 6.c4 d6 7.Nc3 c6 8.d5 e5 9.dxe6 Bxe6
10.Qd3 Na6 11.Bf4 Ne4 12.Nxe4 fxe4 13.Qxe4 Nc5 14.Qc2 Bf5 15.Qd2 Ne4 16.Qb4 Qb6
17.Qxb6 axb6 18.Rad1 Rxa2 19.Nd4 Rxb2 20.Bxe4 Bxe4 21.Ne6 Re8 22.Nxg7 Kxg7
23.f3 Bf5 24.e4 Bh3 25.Rf2 Rb4 26.Rc2 Be6 27.Rxd6 Kf7 28.Bg5 Ra8 29.f4 Ra1+
30.Kg2 h6 31.Bh4 Rxc4 32.Rxc4 Bxc4 33.Rd7+ Kf8 34.Rxb7 b5 35.Kf3 Ra3+ 36.Kf2 Ra2+
37.Ke3 g5 38.fxg5 hxg5 39.Bxg5 Rxh2 40.Kd4 Rh5 41.Be7+ Ke8 42.Bd6 Rh6 43.Kc5  1/2-1/2

[Event "Nikea op"]
[Site "Nikea"]
[Date "1985.??.??"]
[Round "?"]
[White "Fucak, Emilijo"]
[Black "Kotronias, Vasilios"]
[Result "1/2-1/2"]
[WhiteElo "2340"]
[BlackElo "2425"]

1.Nf3 f5 2.g3 Nf6 3.Bg2 g6 4.c4 Bg7 5.O-O O-O 6.d4 d6 7.Nc3 Nc6 8.d5 Ne5
9.Qb3 Nfd7 10.Be3 Nc5 11.Bxc5 dxc5 12.Nxe5 Bxe5 13.e3 e6 14.Rad1 Qe7 15.Rd2 Bd6
16.dxe6 c6 17.Rfd1 Be5 18.Qa3 Bxe6 19.Na4 Bxc4 20.Qxc5 Qe6 21.b3 Bb5 22.Bd5 cxd5
23.Qxb5 d4 24.exd4 Bd6 25.Qc4 Rae8 26.Nc5 Qxc4 27.bxc4 Bxc5 28.dxc5 Re7 29.Rd7 Rxd7
30.Rxd7 Rf7 31.Rd8+ Rf8 32.Rd6 Rc8 33.Rd5 Rc7 34.Kf1 Kf7 35.Ke1 Ke7 36.Kd2 Rc6
37.Kc3 Re6 38.Kd4 Re4+ 39.Kd3 Re6 40.h4 Ra6 41.Re5+ Kd7 42.Re2 Ra3+ 43.Kd4 f4
44.g4 Rh3 45.Re4 Rxh4 46.Rxf4 Ke6 47.Re4+ Kd7 48.a4 Rh1 49.Rf4 Rd1+ 50.Kc3 Kc6
51.Rf7 Rc1+ 52.Kd4 Rd1+ 53.Ke5 Rc1 54.Rxh7 Rxc4 55.f4 g5 56.fxg5 Rxg4 57.Kf5 Rxa4
58.g6 Ra1 59.Rh4 Rg1 60.Rg4 Rf1+ 61.Rf4 Rg1 62.Rg4 Rf1+ 63.Ke4 Rf8 64.Kd4 Re8
65.g7 Rg8 66.Kc4 Kd7 67.Kb5 Ke6 68.Rg1 Kf6 69.c6  1/2-1/2

[Event "Bohemians"]
[Site "Prague"]
[Date "1985.??.??"]
[Round "?"]
[White "Spiridonov, Nikola"]
[Black "Knezevic, Milorad"]
[Result "1/2-1/2"]
[WhiteElo "2400"]
[BlackElo "2405"]

1.Nf3 f5 2.g3 Nf6 3.Bg2 g6 4.O-O Bg7 5.d4 O-O 6.c4 d6 7.Nc3 c6 8.d5 e5 9.dxe6 Bxe6
10.b3 Na6 11.Ng5 Bc8 12.Bb2 Qe7 13.Qc2 Bd7 14.Rad1 Rad8 15.e3 Bc8 16.Nf3 Nc5
17.Rfe1 a5 18.a3 Qc7 19.Re2  1/2-1/2

[Event "Reykjavik"]
[Site "Reykjavik"]
[Date "1985.??.??"]
[Round "1"]
[White "Olafsson, Helgi"]
[Black "Larsen, Bent"]
[Result "1/2-1/2"]
[WhiteElo "2515"]
[BlackElo "2520"]

1.Nf3 f5 2.g3 Nf6 3.Bg2 g6 4.O-O Bg7 5.d4 O-O 6.c4 d6 7.d5 c5 8.Nc3 Na6 9.Rb1 Bd7
10.b3 Rb8 11.Bb2 Nc7 12.a4 a6 13.a5 Nce8 14.Ra1 Ng4 15.Ra3 Nef6 16.Qa1 Qc7
17.e3 b5 18.axb6 Rxb6 19.Nd2 Bc8 20.Qb1 Ne5 21.Qc2 g5 22.f4 gxf4 23.exf4 Nf7
24.Re1 Re8 25.Raa1 Rb8 26.Re2 h5 27.Nf3 Qb6 28.Ra3 e5 29.dxe6 Rxe6 30.Ng5 Rxe2
31.Qxe2 Qd8 32.Nd5 Nxg5 33.fxg5 Ng4 34.Ne7+ Kf8 35.Bxg7+ Kxg7 36.Nxc8 Rxc8
37.Rxa6 Qxg5 38.Rxd6 h4 39.gxh4 Qxh4 40.h3 Nf6 41.Qe5 Qg5 42.Rd3 Re8 43.Qc7+ Kh8
44.Rg3 Qc1+ 45.Bf1 Qh6 46.Qxc5 f4 47.Qg5 Qxg5 48.Rxg5 Ne4 49.Rf5 Rb8 50.Bg2 Nd2
51.Rb5 Re8 52.Kf2 f3 53.Bf1 Ne4+ 54.Kxf3 Nd2+ 55.Kg2 Rg8+ 56.Kh1 Rg3 57.Bg2 Nxb3
58.c5 Rc3 59.c6 Nd4 60.Rb6 Nxc6 61.Bxc6 Rxh3+ 62.Kg2 Rc3 63.Bf3 Kg7 64.Kg3 Rc4
65.Ra6 Rb4 66.Bg4 Kf7 67.Bf5 Ke7 68.Kf3 Rd4 69.Ke3 Rh4 70.Be4 Rg4 71.Kd4 Rg5
72.Bd5 Rh5 73.Re6+ Kf8 74.Bf3 Kf7 75.Ra6 Rg5 76.Ke4 Rc5 77.Bg2 Rb5 78.Rd6 Ra5
79.Kf4 Ke7 80.Rd1 Rc5 81.Bd5 Kd6 82.Ke4 Ra5 83.Bg8+ Ke7 84.Rb1 Kd6 85.Rb6+ Kc5
86.Rh6 Ra1 87.Bb3 Re1+ 88.Kd3 Rf1 89.Be6 Rd1+  1/2-1/2

[Event "SVK-ch"]
[Site "Bratislava"]
[Date "1986.??.??"]
[Round "9"]
[White "Tibensky, Robert"]
[Black "Gazik, Igor"]
[Result "1-0"]
[WhiteElo "2380"]
[BlackElo "2415"]

1.d4 f5 2.c4 Nf6 3.Nf3 g6 4.g3 Bg7 5.Bg2 O-O 6.O-O c6 7.d5 d6 8.Nd4 Qb6 9.Nc3 Ne4
10.Nxe4 Qxd4 11.Qxd4 Bxd4 12.Rd1 c5 13.Ng5 Na6 14.Rb1 Bd7 15.Ne6 Bxe6 16.dxe6 Rab8
17.b4 Bf6 18.b5 Nb4 19.Rd2 Bc3 20.Rbb2 a6 21.a3 axb5 22.axb4 cxb4 23.cxb5 Ra8
24.Rb1 Ra5 25.Rc2 Rfa8 26.Bxb7 Ra1 27.Rxa1 Rxa1 28.Kg2 h5 29.Bd5 Bd4 30.Bb2  1-0

[Event "Havana-B"]
[Site "Havana"]
[Date "1986.??.??"]
[Round "?"]
[White "Knezevic, Milorad"]
[Black "Remon, Adelquis"]
[Result "1-0"]
[WhiteElo "2425"]
[BlackElo "2395"]

1.d4 f5 2.Nf3 Nf6 3.g3 g6 4.Bg2 Bg7 5.O-O O-O 6.c4 d6 7.Nc3 Qe8 8.Nd5 Na6
9.Bg5 c6 10.Nxf6+ Bxf6 11.Bh6 Bg7 12.Bxg7 Kxg7 13.Qd2 Qf7 14.Rac1 Qf6 15.d5 c5
16.Rfe1 h6 17.e4 fxe4 18.Rxe4 Bf5 19.Re3 Rae8 20.Nh4 Nc7 21.Rce1 Bc8 22.Rf3 Qg5
23.Qa5 Na6 24.Qc3+ Rf6 25.Rf4 Nc7 26.Nf3 Qxf4  1-0

[Event "Holon op"]
[Site "Holon"]
[Date "1986.??.??"]
[Round "?"]
[White "Levitt, Jonathan"]
[Black "Bersutzki, Gregory"]
[Result "1/2-1/2"]
[WhiteElo "2395"]
[BlackElo "2240"]

1.d4 f5 2.Nf3 Nf6 3.g3 g6 4.c4 Bg7 5.Bg2 O-O 6.O-O d6 7.d5 c6 8.Nc3 Bd7 9.Rb1 a5
10.Nd4 Qe8 11.a3 Na6 12.e3 Kh8 13.Qc2 Rc8 14.Rd1 cxd5 15.Nxd5 Nxd5 16.Bxd5 Nc5
17.b3 e5 18.Ne2 g5 19.Nc3 Rf6 20.f4 g4 21.Qd2 Rh6 22.Rf1 e4 23.Nd1 a4 24.bxa4 Bxa4
25.Bb2 Qe7 26.Bd4 Bc6 27.Nc3 Nd3 28.Nb5 Bxd5 29.cxd5 Bxd4 30.Nxd4 Rf6 31.Rb6 Rc4
32.Rfb1 Nc5 33.Ne6 Nxe6 34.dxe6 Qxe6 35.Rxb7 d5 36.Qa5 Rf8 37.Qa7 Qh6 38.Rc7 Rxc7
39.Qxc7 Qg7 40.Rb7 Qxc7 41.Rxc7 Ra8  1/2-1/2

[Event "URS-FL"]
[Site "Irkutsk"]
[Date "1986.??.??"]
[Round "?"]
[White "Lputian, Smbat G"]
[Black "Vyzmanavin, Alexey"]
[Result "1/2-1/2"]
[WhiteElo "2520"]
[BlackElo "2480"]

1.d4 f5 2.Nf3 Nf6 3.c4 g6 4.g3 Bg7 5.Bg2 O-O 6.O-O d6 7.Nc3 Qe8 8.Qb3 Na6
9.Bg5 Kh8 10.Bxf6 Bxf6 11.e4 e5 12.Rfe1 exd4 13.exf5 Qd8 14.Nb5 Nc5 15.Qa3 Bxf5
16.Nbxd4 Bg4 17.Rad1 Qd7 18.h3 Bxf3 19.Nxf3 Qa4 20.Qxa4 Nxa4 21.b3 Nc3 22.Rd2 Rae8
23.Kf1 b5 24.cxb5 Nxb5 25.Rxe8 Rxe8 26.g4 h6 27.h4 Re4 28.g5 hxg5 29.hxg5 Bg7
30.Bh3  1/2-1/2

[Event "UKR-ch"]
[Site "Kiev"]
[Date "1986.??.??"]
[Round "5"]
[White "Vainerman, Igor"]
[Black "Malaniuk, Vladimir P"]
[Result "0-1"]
[WhiteElo "2200"]
[BlackElo "2495"]

1.d4 f5 2.Nf3 Nf6 3.g3 g6 4.Bg2 Bg7 5.O-O O-O 6.c4 d6 7.Nc3 Qe8 8.Qb3 Na6
9.Bg5 c5 10.Bxf6 Bxf6 11.Rfd1 Bg7 12.e3 Kh8 13.Rac1 h6 14.dxc5 Nxc5 15.Qc2 Bd7
16.Nd4 Rb8 17.Qe2 a6 18.b3 g5 19.Nd5 e5 20.Nc2 b5 21.b4 Na4 22.Na3 e4 23.Rc2 Qe5
24.cxb5 axb5 25.f4 exf3 26.Bxf3 Rfe8 27.Kh1 Rec8 28.Rxc8+ Bxc8 29.Qc2 Be6
30.Qc7 Rc8 31.Qb7 Nc3 32.Rc1 Kh7  0-1

[Event "UKR-ch"]
[Site "Kiev"]
[Date "1986.??.??"]
[Round "9"]
[White "Huzman, Alexander"]
[Black "Malaniuk, Vladimir P"]
[Result "1/2-1/2"]
[WhiteElo "2390"]
[BlackElo "2495"]

1.d4 f5 2.g3 g6 3.Bg2 Nf6 4.Nf3 Bg7 5.O-O O-O 6.c4 d6 7.Nc3 Qe8 8.Re1 Qf7
9.Ng5 Qxc4 10.Bf1 Kh8 11.d5 Qc5 12.Be3 Qa5 13.a3 c6 14.b4 Qd8 15.dxc6 Nxc6
16.Qb3 Ng4 17.Bd2 Nd4 18.Qa2 h6 19.Nf7+ Rxf7 20.Qxf7 Ne5 21.Qa2 Be6 22.Nd5 Qg8
23.Bg2 Nef3+ 24.Bxf3 Nxf3+ 25.exf3 Bxd5 26.Qb1 e6 27.Qd1 Bxa1 28.Qxa1+ Kh7
29.Rc1 Rc8 30.Rxc8 Qxc8 31.Qf6 Qh8 32.Qxh8+ Kxh8 33.f4 Bc4 34.Kg2 Be2 35.f3 Kg7
36.Kf2 Bd1 37.h4 Kf7 38.Ke3 Ke7 39.Bc3 h5 40.Bg7 Kd7 41.Bf8 Kc6 42.Kd4 Bxf3
43.Be7 Bd1 44.Bf8 a6 45.Be7 Bb3 46.Bf6 Kb5 47.Kc3 Bd1 48.Be7 Kc6 49.Kd4 b6
50.Bf8 Bb3 51.Be7 Bd5  1/2-1/2

[Event "Novosibirsk tt"]
[Site "Novosibirsk"]
[Date "1986.??.??"]
[Round "?"]
[White "Huzman, Alexander"]
[Black "Vyzmanavin, Alexey"]
[Result "1/2-1/2"]
[WhiteElo "2390"]
[BlackElo "2470"]

1.Nf3 f5 2.g3 Nf6 3.Bg2 g6 4.d4 Bg7 5.O-O O-O 6.c4 d6 7.Nc3 Qe8 8.Re1 Qf7
9.Ng5 Qxc4 10.Bf1 Qb4 11.a3 Qa5 12.b4 Qb6 13.Qb3+ d5 14.e4 fxe4 15.Nxd5 Nxd5
16.Qxd5+ e6 17.Qxe4 Qxd4 18.Ra2 Nc6 19.Bc4 Qxe4 20.Rxe4 Nd4 21.Be3 Nf3+ 22.Nxf3 Rxf3
23.Bf4 Rc3 24.Bd2 Rf3 25.Bf4 Rc3  1/2-1/2

[Event "POL-chT"]
[Site "Porabka"]
[Date "1986.??.??"]
[Round "?"]
[White "Ehrenfeucht, Wojciech"]
[Black "Sarwinski, Miroslaw"]
[Result "1/2-1/2"]
[WhiteElo "2320"]
[BlackElo "2410"]

1.Nf3 f5 2.g3 g6 3.Bg2 Bg7 4.d4 Nf6 5.O-O O-O 6.c4 d6 7.Nc3 Nc6 8.d5 Na5
9.Qd3 c5 10.e4 fxe4 11.Nxe4 Nxe4 12.Qxe4 Bf5 13.Qh4 e5 14.Bg5 Qc7 15.Rad1 Rae8
16.b3 b6 17.h3 Nb7 18.Nh2 Nd8 19.Ng4 Bxg4 20.hxg4 Nf7 21.Be3 Qe7 22.Qxe7 Rxe7
23.g5 h6 24.Be4 Nxg5 25.Bxg5 hxg5 26.Bxg6 e4 27.Rde1 e3 28.fxe3 Rxf1+ 29.Kxf1 Bc3
30.Re2 Kg7 31.Bf5 Kf6 32.e4 Be5 33.Kg2 Rg7 34.Re1 a6 35.Rh1 b5 36.Rh6+ Ke7
37.Rh8 bxc4 38.bxc4 Kf6 39.Rf8+ Rf7 40.Ra8 Rb7 41.Rxa6 Rb4 42.Ra3 Rxc4 43.Rf3 Rc1
44.Bd7+ Ke7 45.Bb5 g4 46.Ra3 c4 47.Ra7+ Kd8 48.Ra8+ Kc7 49.Ra6 c3 50.Rc6+ Kb8
51.Ba4 Re1 52.Rc4 Re2+ 53.Kf1 Rxa2 54.Bd1 Rd2 55.Bxg4 c2 56.Ke1 Rh2 57.Be2 Bxg3+
58.Kf1 Rh1+ 59.Kg2 c1=Q 60.Rxc1 Rxc1 61.Kxg3 Kc7 62.Bg4 Rf1 63.Bf5 Kd8 64.Kh4 Ke7
65.Kg5 Rf2 66.Bg6 Rf8 67.Bf5 Ra8 68.Bg6 Ra4 69.Bf5 Kf7 70.Bg6+ Ke7 71.Bf5 Ra1
72.Bg4 Re1 73.Kf5 Rh1 74.Kg6 Rf1 75.Kg5 Kf7 76.Bh3 Rh1 77.Bg4 Re1 78.Kf5 Rf1+
79.Kg5 Kg7 80.Bh3 Rh1 81.Bg4 Rh8 82.Kf5 Re8 83.Bh3 Re5+ 84.Kf4 Kf6 85.Bf5 Re7
86.Bg4 Ra7 87.Be2 Ra2 88.Bf3 Rf2 89.Kg3 Rf1 90.Kf4 Rg1 91.Bg4 Rh1 92.Be2 Rh4+
93.Bg4 Kg6 94.Kg3 Kg5 95.Bf3 Rh8 96.Bg4 Ra8 97.Bf5 Ra3+ 98.Kf2 Kf4 99.Ke2 Ke5
100.Kd2 Kd4 101.Ke2  1/2-1/2

[Event "Sarajevo"]
[Site "Sarajevo"]
[Date "1986.??.??"]
[Round "6"]
[White "Georgiev, Kiril"]
[Black "Ivkov, Borislav"]
[Result "1/2-1/2"]
[WhiteElo "2545"]
[BlackElo "2525"]

1.Nf3 f5 2.g3 Nf6 3.Bg2 g6 4.O-O Bg7 5.d4 O-O 6.c4 d6 7.Nc3 c6 8.d5 e5 9.dxe6 Bxe6
10.b3 Na6 11.Bb2 Qe7 12.Qc2 d5 13.cxd5 Nxd5 14.Na4 Nf6 15.Rad1 Rad8 16.Nc3 Nd5
17.Nxd5 Bxd5 18.Bxg7 Kxg7 19.Qc3+ Qf6 20.Qe3 b6 21.Ne5 Nb4 22.f4 Bxg2 23.Kxg2 Nd5
24.Qf3 Rd6 25.Rd3 Rfd8 26.Rfd1 g5 27.Nxc6 Nxf4+ 28.gxf4 g4 29.Qe3 Rxd3 30.Rxd3 Qxc6+
31.Kg3 Rxd3 32.Qxd3 Kg6 33.Qe3 h6 34.Qe5 a5 35.Qe7 Qc3+ 36.Kg2 Qc6+ 37.Kg3 Qc3+
38.Kg2 Qc6+  1/2-1/2

[Event "Tatran Cup"]
[Site "Stary Smokovec"]
[Date "1986.??.??"]
[Round "?"]
[White "Stohl, Igor"]
[Black "Gazik, Igor"]
[Result "1/2-1/2"]
[WhiteElo "2465"]
[BlackElo "2415"]

1.d4 f5 2.g3 g6 3.Bg2 Nf6 4.Nf3 Bg7 5.O-O O-O 6.c4 d6 7.Nc3 Qe8 8.d5 a5 9.Nd4 Na6
10.b3 Nc5 11.Bb2 Bd7 12.e3 c6 13.a3 Rc8 14.Nce2 cxd5 15.cxd5 g5 16.Rc1 Qh5
17.Nc3 Qh6 18.Na4 f4 19.Nxc5 fxg3 20.fxg3 Ng4 21.h3 Nxe3 22.Qd3 dxc5 23.Qxe3 cxd4
24.Qxe7 Bxh3 25.Rxc8 Rxc8 26.Bxh3 Qxh3 27.Qxg5 h6 28.Qg6 Rf8 29.Rxf8+ Kxf8
30.a4 Qd7 31.d6 Qf7 32.Qe4 Qd7 33.Qf4+ Ke8 34.Bxd4 Bxd4+ 35.Qxd4 Qe6 36.Kf2 Kd7
37.Qg7+ Kxd6 38.Qxb7 Qf5+ 39.Kg2 Qc2+ 40.Kf3 Qf5+ 41.Ke3 Qe5+ 42.Kf2 Qc5+
43.Kg2 Qd5+ 44.Qxd5+  1/2-1/2

[Event "Tbilisi"]
[Site "Tbilisi"]
[Date "1986.??.??"]
[Round "?"]
[White "Ubilava, Elizbar"]
[Black "Malaniuk, Vladimir P"]
[Result "1/2-1/2"]
[WhiteElo "2515"]
[BlackElo "2535"]

1.Nf3 f5 2.d4 Nf6 3.g3 g6 4.Bg2 Bg7 5.O-O O-O 6.c4 d6 7.Nc3 Qe8 8.Qb3 Na6
9.Bg5 c5 10.Bxf6 Bxf6 11.Rad1 Bg7 12.e3 Kh8 13.Rd2 h6 14.Re1 Qf7 15.Nb5 g5
16.Kh1 Be6 17.d5 Bd7 18.e4 fxe4 19.Rxe4 Bf6 20.Ng1 Bf5 21.Re1 Rfc8 22.Be4 Bd7
23.Ne2 Nc7 24.Nxc7 Rxc7 25.Nc3 Qg7 26.Nd1 Rf8 27.Ne3 Bd4 28.Kg2 b6 29.f3 h5
30.Nd1 Rcc8 31.Nc3 Be5 32.Nb5 Bxb5 33.Qxb5 Rc7 34.Rde2 Qf6 35.Qb3 e6 36.dxe6 Qxe6
37.Bd5 Qf6 38.Re4 Rh7 39.Kh1 h4 40.gxh4 Bf4 41.Re6 Qg7 42.Qc2 Rxh4 43.R1e2 Qd7
44.Qg6 Qh7 45.Qxh7+ Rxh7 46.Re8 Rxe8 47.Rxe8+  1/2-1/2

[Event "Aarhus-D"]
[Site "Aarhus"]
[Date "1987.??.??"]
[Round "5"]
[White "Rendboe, John"]
[Black "Aagaard, Michael"]
[Result "1-0"]
[WhiteElo "2200"]
[BlackElo "2200"]

1.d4 f5 2.Nf3 Nf6 3.g3 g6 4.Bg2 Bg7 5.O-O O-O 6.c4 d6 7.Nc3 Nc6 8.d5 Ne5
9.Nxe5 dxe5 10.b3 e4 11.Bb2 g5 12.Qd2 h6 13.Rad1 e5 14.f3 Qe7 15.d6 cxd6
16.fxe4 d5 17.exd5 Qc5+ 18.Kh1 Ng4 19.Na4 Qe3 20.Rf3 Qxd2 21.Rxd2 b6 22.e4 f4
23.c5 bxc5 24.Nxc5 Ne3 25.gxf4 g4 26.Rff2 exf4 27.Bxg7 Kxg7 28.Kg1 Rb8 29.d6 Rb5
30.b4 Rxb4 31.d7 Rb1+ 32.Bf1 Bxd7 33.Rxd7+ Kg6 34.Ne6 Rc8 35.Nxf4+ Kg5 36.Nd5 g3
37.hxg3  1-0

[Event "Dortmund op"]
[Site "Dortmund"]
[Date "1987.??.??"]
[Round "10"]
[White "Nikolaiczuk, Lothar"]
[Black "Borngaesser, Rene"]
[Result "0-1"]
[WhiteElo "2275"]
[BlackElo "2370"]

1.Nf3 f5 2.g3 g6 3.Bg2 Bg7 4.d4 Nf6 5.O-O O-O 6.c4 d6 7.Nc3 c6 8.b3 Qe8 9.Ba3 a5
10.Ne1 Na6 11.e3 Rb8 12.Nd3 b5 13.cxb5 cxb5 14.Bb2 b4 15.Ne2 Nc7 16.Rc1 Qd7
17.Qc2 Ba6 18.Bc6 Qd8 19.Rfd1 g5 20.Ne1 e6 21.Nf3 h6 22.Re1 Rc8 23.Nd2 Ncd5
24.Qd1 Qb6 25.Ba4 Rxc1 26.Qxc1 Rc8 27.Nc4 Qc7 28.a3 Qf7 29.Qd2 Ne4 30.Qd1 Qh5
31.Bd7 Nxf2 32.Bxe6+ Kh8 33.Qd2 Qf3 34.h4 Bb7 35.e4 Nh3+ 36.Kh2 Qf2+ 37.Kh1 Ne3
38.Nc3 Qxd2 39.Nxd2 bxc3 40.Bc1 cxd2 41.Bxd2  0-1

[Event "HUN-ch op"]
[Site "Eger"]
[Date "1987.??.??"]
[Round "?"]
[White "Piesina, Gintautas"]
[Black "Szabolcsi, Janos"]
[Result "1-0"]
[WhiteElo "2370"]
[BlackElo "2390"]

1.d4 f5 2.g3 Nf6 3.Bg2 g6 4.c4 Bg7 5.Nf3 O-O 6.O-O c6 7.Nc3 Ne4 8.Qb3 d6
9.Rd1 Nxc3 10.bxc3 Kh8 11.c5 dxc5 12.Ng5 Qe8 13.d5 e5 14.dxe6 h6 15.Nf7+ Kh7
16.Nd6 Qxe6 17.Qxe6 Bxe6 18.Nxb7 Na6 19.Be3 Bxc3 20.Rac1 Bb2 21.Rc2 Ba3 22.Rd6 Bc8
23.Na5 Rb8 24.h4 Rb1+ 25.Kh2 Nb4 26.Rc3 Bb2 27.Rxc5 Nxa2 28.Rcxc6 Bc3 29.Nc4 Rg8
30.Rc7+ Bg7 31.Bd5 Nc3 32.Bxg8+ Kxg8 33.Rxc8+  1-0

[Event "Espoo"]
[Site "Espoo"]
[Date "1987.??.??"]
[Round "6"]
[White "Lukacs, Peter"]
[Black "Pyhala, Antti"]
[Result "0-1"]
[WhiteElo "2500"]
[BlackElo "2385"]

1.d4 f5 2.g3 Nf6 3.Bg2 g6 4.Nf3 Bg7 5.O-O O-O 6.c4 d6 7.Nc3 Qe8 8.Re1 Qf7
9.Qd3 Nc6 10.Ng5 Qe8 11.Nd5 Nxd5 12.cxd5 Nd8 13.Qc4 h6 14.Nf3 b5 15.Qxc7 Bb7
16.Nd2 Bxd4 17.Nb3 Bg7 18.Qc2 e6 19.Be3 Qf7 20.Qd2 g5 21.Rac1 e5 22.f4 gxf4
23.gxf4 Kh8 24.fxe5 f4 25.Bd4 Rg8 26.Bc3 b4 27.Bxb4 Bxe5 28.Kh1 Ne6 29.Rg1 Ng5
30.Bc3 Nh3 31.Bxh3 Bxd5+ 32.Bg2 Rxg2 33.Rxg2 Rg8 34.Bxe5+ dxe5 35.Rg1 Qb7
36.e4 fxe3 37.Qc2 Bf3 38.Nc5 Qc6 39.h3 e2 40.Qd2 Rxg2 41.Rxg2 Bxg2+ 42.Kh2 Bf1  0-1

[Event "Espoo"]
[Site "Espoo"]
[Date "1987.??.??"]
[Round "10"]
[White "Kekki, Jorma"]
[Black "Pyhala, Antti"]
[Result "0-1"]
[WhiteElo "2315"]
[BlackElo "2385"]

1.d4 f5 2.g3 Nf6 3.Bg2 g6 4.Nf3 Bg7 5.O-O O-O 6.c4 d6 7.Nc3 Qe8 8.Nd5 Nxd5
9.cxd5 Qb5 10.Ne1 Na6 11.e3 c5 12.dxc6 bxc6 13.Qb3+ Qxb3 14.axb3 Rb8 15.Nc2 c5
16.Re1 e6 17.Bf1 Rb6 18.Bd2 Rf7 19.Bc3 cxd4 20.exd4 d5 21.b4 Nb8 22.b5 Rbb7
23.Nb4 Bd7 24.Na6 Nxa6 25.Rxa6 Bf6 26.Rea1 Bxb5 27.Bxb5 Rxb5 28.Rxa7 Rfb7
29.Rxb7 Rxb7 30.Ra6 Kf7 31.Kf1 g5 32.h3 h5 33.Ke2 g4 34.hxg4 hxg4 35.Kd3 Be7
36.Ra4 Bd6 37.b4 Ke7 38.Kc2 Kd7 39.Kb3 Bc7 40.Ra6 Bb6 41.Bb2 Kc6 42.Ra1 Kb5
43.Re1 Rh7 44.Re2 Rh1 45.Bc3 Rf1 46.Bb2 Rb1 47.Kc2 Rh1 48.Kb3 f4 49.Rxe6 Rh2
50.Bc1 Rxf2 51.Bxf4 Bxd4 52.Rg6 Rb2+ 53.Ka3 Rxb4 54.Rxg4 Bc5 55.Ka2 d4 56.Bh6 Kc4
57.Rg5 Ra4+ 58.Kb1 Bb4 59.Bg7 Bc3 60.Bxd4 Bxd4 61.Kc2  0-1

[Event "Espoo"]
[Site "Espoo"]
[Date "1987.??.??"]
[Round "11"]
[White "Brinck Claussen, Bjorn"]
[Black "Valkesalmi, Kimmo"]
[Result "1/2-1/2"]
[WhiteElo "2390"]
[BlackElo "2390"]

1.d4 f5 2.g3 Nf6 3.Bg2 g6 4.Nf3 Bg7 5.O-O O-O 6.c4 d6 7.Nc3 Qe8 8.Nd5 Nxd5
9.cxd5 Qb5 10.Ne1 Na6  1/2-1/2

[Event "Gausdal Int"]
[Site "Gausdal"]
[Date "1987.??.??"]
[Round "?"]
[White "Petursson, Margeir"]
[Black "Yrjola, Jouni"]
[Result "1-0"]
[WhiteElo "2490"]
[BlackElo "2425"]

1.d4 f5 2.Nf3 Nf6 3.g3 g6 4.Bg2 Bg7 5.O-O O-O 6.c4 d6 7.Nc3 Qe8 8.Nd5 Nxd5
9.cxd5 Qb5 10.Ne1 Na6 11.a4 Qe8 12.Be3 c5 13.dxc6 bxc6 14.Rc1 Bd7 15.Qb3+ Kh8
16.Nd3 Nc7 17.Nb4 Rb8 18.Qa3 Nd5 19.Nxd5 cxd5 20.Bxd5 Bxa4 21.b3 e6 22.bxa4 exd5
23.Bf4 Rf7 24.Bxd6 Rd8 25.e3 h5 26.h4 Bf6 27.Bc7 Rdd7 28.Bf4 Kh7 29.Rc6 Qe4
30.Qc3 Bg7 31.Ra6 Qe8 32.Rc1 Rb7 33.Qc6 Qxc6 34.Rcxc6 Rb1+ 35.Kg2 Rfb7 36.Rxg6 R1b2
37.Be5 Bxe5 38.Rh6+ Kg7 39.Rag6+ Kf7 40.dxe5 Ra2 41.e6+  1-0

[Event "Young Men"]
[Site "Gausdal"]
[Date "1987.??.??"]
[Round "?"]
[White "Bjerke, Richard"]
[Black "Yrjola, Jouni"]
[Result "0-1"]
[WhiteElo "2270"]
[BlackElo "2425"]

1.d4 f5 2.Nf3 Nf6 3.g3 g6 4.Bg2 Bg7 5.O-O O-O 6.c4 d6 7.Nc3 Qe8 8.Nd5 Nxd5
9.cxd5 Qb5 10.Ne1 Na6 11.e3 c5 12.dxc6 bxc6 13.Nd3 Rb8 14.Qc2 c5 15.dxc5 Nxc5
16.Nf4 Ba6 17.Rd1 Rfc8 18.Nd5 Qd7 19.Qd2 Ne4 20.Qa5 Be2 21.Bxe4 Bxd1 22.Bg2 Bc2
23.Nf4 Rc5 24.Bd5+ Kh8 25.Qd2 Be4 26.Be6 Qc6 27.h4 Rc2 28.Qe1 Bxb2 29.Bxb2+ Rbxb2
30.Rd1 Qc3  0-1